000
00369nam a2200169Ia 4500
003
0STCL
008
150530s9999 xx 000 0 und d
040
_a
STCL
_c
STCL
100
_a
Rajagopalan, R
245
_a
Environmental Studies
260
_c
2009
_a
New Delhi
300
_a
0
546
_a
English
942
_2
ddc
_c
BK
999
_c
9937
_d
9937
005
20220125165537.0